มุมมองปกติ
มุมมองแบบ MARC
- สิทธิพงษ์ วิศวเวที
รายการ Personal Name
001 - CONTROL NUMBER
- control field: 66340
003 - CONTROL NUMBER IDENTIFIER
- control field: NALT
005 - DATE AND TIME OF LATEST TRANSACTION
- control field: 20250724084629.0
008 - FIXED-LENGTH DATA ELEMENTS
- fixed length control field: 250724|| aca||aabn | a|a d
040 ## - CATALOGING SOURCE
- Original cataloging agency: NALT
100 04 - HEADING--PERSONAL NAME
- Personal name: สิทธิพงษ์ วิศวเวที
- General subdivision: ชีวประวัติ
